| 000 | 00449nam a2200181Ia 4500 | ||
|---|---|---|---|
| 008 | 160319s9999 xx 000 0 und d | ||
| 020 | _a9780716601814 | ||
| 050 | _a418.4 | ||
| 050 | _b.C536s 1980 | ||
| 245 | _aStories and Fables / | ||
| 260 | _aChicago, Ill : | ||
| 260 | _bWorld Book. | ||
| 260 | _c1980 | ||
| 300 | _a304 pages ; | ||
| 440 | _aThe How and Why Library. | ||
| 440 | _vVol. 2. | ||
| 650 | _a Encyclopedias -- Children's. | ||
| 999 |
_c291985 _d291985 |
||